[Event "4NCL/Div4a/GUI4 vs. AD3"]
[Site "Telford ENG"]
[Date "2005.04.16"]
[Round "7.1"]
[White "Stimpson, Philip M"]
[Black "Wilcox, Steven R"]
[Result "1-0"]
[WhiteElo "2125"]
[BlackElo "1920"]
[PlyCount "49"]
[EventDate "2005.04.16"]
[SourceDate "2004.09.21"]

1. e4 e5 2. Bb5 a6 3. Ba4 b5 4. Bb3 Nf6 5. d4 Nc6 6. dxe5 Nxe5 7. f4 Nc6 8. e5
Ng8 9. Nf3 Bb7 10. Nc3 Bb4 11. O-O Na5 12. Nd5 Nxb3 13. axb3 Bc5+ 14. Be3 Bxe3+
15. Nxe3 Ne7 16. f5 g6 17. Ng5 gxf5 18. Nxf7 Kxf7 19. Nxf5 Kg8 20. Nh6+ Kg7 21.
Qh5 Rf8 22. Rxf8 Qxf8 23. Rf1 Qe8 24. Rf7+ Kh8 25. Qg5 1-0

[Event "4NCL/Div4a/GUI4 vs. AD3"]
[Site "Telford ENG"]
[Date "2005.04.16"]
[Round "7.2"]
[White "Leary, Peter"]
[Black "Shepley, Julien M"]
[Result "0-1"]
[WhiteElo "1845"]
[BlackElo "2114"]
[PlyCount "60"]
[EventDate "2005.04.16"]
[SourceDate "2004.09.21"]

1. e4 d5 2. exd5 Qxd5 3. Nc3 Qd6 4. Nf3 Nf6 5. d4 a6 6. g3 b5 7. Bg2 Bb7 8. O-O
Nbd7 9. Bf4 Qb6 10. d5 b4 11. Na4 Qa5 12. c4 bxc3 13. Nxc3 Nxd5 14. Nxd5 Qxd5
15. Qxd5 Bxd5 16. Bxc7 e6 17. Rfd1 Rc8 18. Rxd5 Rxc7 19. Ra5 Nb8 20. Nd4 Be7
21. Bf1 Bf6 22. Rd1 Rd7 23. Bxa6 Nxa6 24. Rxa6 O-O 25. b4 e5 26. b5 exd4 27. a4
d3 28. b6 d2 29. a5 Re8 30. Kf1 Bc3 0-1

[Event "4NCL/Div4a/GUI4 vs. AD3"]
[Site "Telford ENG"]
[Date "2005.04.16"]
[Round "7.3"]
[White "Andersson, Frans"]
[Black "Somerfield, Adrian"]
[Result "1-0"]
[WhiteElo "2103"]
[BlackElo "1825"]
[PlyCount "67"]
[EventDate "2005.04.16"]
[SourceDate "2004.09.21"]

1. d4 Nf6 2. Nf3 g6 3. c4 Bg7 4. Nc3 O-O 5. e4 d6 6. Be2 e5 7. O-O Nc6 8. d5
Ne7 9. b4 Nd7 10. Nd2 f5 11. Nb3 Nf6 12. f3 f4 13. c5 g5 14. a4 Ng6 15. a5 h5
16. a6 g4 17. axb7 Bxb7 18. Na5 Bc8 19. Nc6 Qe8 20. Nb5 Qd7 21. Rxa7 Rxa7 22.
Nbxa7 gxf3 23. Bxf3 Nh4 24. Bxh5 Kh7 25. Nxc8 Qxc8 26. Bf3 Qe8 27. cxd6 cxd6
28. b5 Qg6 29. Qe2 Rf7 30. Nd8 Rf8 31. Ne6 Rf7 32. Ba3 Nxf3+ 33. Qxf3 Nxe4 34.
Qxe4 1-0

[Event "4NCL/Div4a/GUI4 vs. AD3"]
[Site "Telford ENG"]
[Date "2005.04.16"]
[Round "7.4"]
[White "Jones, Simon A"]
[Black "Hill, David F"]
[Result "0-1"]
[WhiteElo "1725"]
[BlackElo "2071"]
[PlyCount "80"]
[EventDate "2005.04.16"]
[SourceDate "2004.09.21"]

1. e4 c5 2. Bc4 e6 3. Nf3 Nc6 4. d4 cxd4 5. Nxd4 Nf6 6. Nxc6 bxc6 7. Nc3 d5 8.
exd5 cxd5 9. Bb5+ Bd7 10. Bxd7+ Qxd7 11. O-O Bb4 12. Qd3 O-O 13. Bg5 Bxc3 14.
Qxc3 Ne4 15. Qe5 Qb7 16. b3 Rac8 17. Rac1 d4 18. Qf4 f6 19. Rfe1 Nxg5 20. Qxd4
e5 21. Qg4 Rc3 22. h4 Nf7 23. Red1 Qc8 24. Qa4 a6 25. Qe4 Qc5 26. Rd5 Qc6 27.
Rcd1 Rxc2 28. Qb4 Rxa2 29. Rc5 Qe6 30. Rc7 e4 31. Re7 Qf5 32. Qb6 Ne5 33. Qa7
Qg4 34. Qe3 Qxd1+ 35. Kh2 Ng4+ 36. Kg3 Nxe3 37. fxe3 Qd6+ 38. Kh3 Qxe7 39. h5
Qe5 40. g4 Qh2# 0-1

[Event "4NCL/Div4a/GUI4 vs. AD3"]
[Site "Telford ENG"]
[Date "2005.04.16"]
[Round "7.5"]
[White "Bryant, Richard"]
[Black "Moore, Kevin J"]
[Result "1-0"]
[WhiteElo "1933"]
[BlackElo "1655"]
[PlyCount "47"]
[EventDate "2005.04.16"]
[SourceDate "2004.09.21"]

1. e4 d5 2. d4 dxe4 3. Nc3 Nf6 4. f3 exf3 5. Nxf3 Bf5 6. Bc4 e6 7. O-O c6 8.
Ne5 Bb4 9. Rxf5 Bxc3 10. bxc3 Nbd7 11. Rf1 O-O 12. Bg5 Qa5 13. Nxd7 Nxd7 14.
Be7 Rfe8 15. Bb4 Qc7 16. Qf3 Nf6 17. Bd3 a5 18. Ba3 Red8 19. Qh3 c5 20. Bxc5
Rd6 21. Rxf6 g6 22. Qg3 Rad8 23. Raf1 R8d7 24. Bxd6 1-0

[Event "4NCL/Div4a/GUI4 vs. AD3"]
[Site "Telford ENG"]
[Date "2005.04.16"]
[Round "7.6"]
[White "Gavin, Peter"]
[Black "Chai, Wei Koong"]
[Result "0-1"]
[WhiteElo "1630"]
[BlackElo "1835"]
[PlyCount "44"]
[EventDate "2005.04.16"]
[SourceDate "2004.09.21"]

1. d4 d5 2. Nf3 Nf6 3. c3 Bf5 4. Nh4 Bg4 5. h3 Bd7 6. e3 Nc6 7. Nf3 e6 8. Be2
Bd6 9. Nbd2 O-O 10. O-O e5 11. dxe5 Nxe5 12. Nxe5 Bxe5 13. Nf3 Bd6 14. Bd3 Ne4
15. Be2 c6 16. c4 Be6 17. cxd5 cxd5 18. Nd4 Qf6 19. Nxe6 fxe6 20. Bf3 Qe5 21.
Re1 Rxf3 22. gxf3 Qh2+ 0-1

[Event "4NCL/Div4a/HKF3 vs. SXM"]
[Site "Telford ENG"]
[Date "2005.04.16"]
[Round "7.1"]
[White "Holmes, Bob"]
[Black "Bucher, Grant"]
[Result "1/2-1/2"]
[WhiteElo "2010"]
[BlackElo "1935"]
[PlyCount "72"]
[EventDate "2005.04.16"]
[SourceDate "2004.09.21"]

1. d4 f5 2. Bg5 Nf6 3. Bxf6 exf6 4. e3 d5 5. Bd3 Bd6 6. Nd2 c6 7. c3 Be6 8. h4
g6 9. h5 Ke7 10. Qb3 b5 11. a4 bxa4 12. Qxa4 gxh5 13. Rxh5 Qe8 14. Rh1 Qg6 15.
g3 Bxg3 16. Ne2 Bd6 17. Nb3 Rc8 18. Nc5 Nd7 19. Nxe6 Kxe6 20. b4 Nb6 21. Qc2 h5
22. Qb3 Rc7 23. Kd2 Qg4 24. Raf1 Qf3 25. Rh4 Rg7 26. Nf4+ Bxf4 27. Rxf4 Qg2 28.
Bxf5+ Ke7 29. Bd3 Rg4 30. Rxg4 hxg4 31. b5 cxb5 32. Qxb5 Rc8 33. Qb4+ Ke6 34.
Qb1 Ke7 35. Qb4+ Ke6 36. Qb1 Ke7 1/2-1/2

[Event "4NCL/Div4a/HKF3 vs. SXM"]
[Site "Telford ENG"]
[Date "2005.04.16"]
[Round "7.2"]
[White "Prescott, Adam"]
[Black "Dale, Hannah"]
[Result "1-0"]
[WhiteElo "1935"]
[BlackElo "1875"]
[PlyCount "95"]
[EventDate "2005.04.16"]
[SourceDate "2004.09.21"]

1. e4 c5 2. Nc3 Nc6 3. g3 d6 4. Bg2 Nf6 5. d3 g6 6. Be3 Bg7 7. Qc1 Rb8 8. f4 b5
9. e5 Nxe5 10. fxe5 Ng4 11. Nf3 Nxe5 12. Nxe5 Bxe5 13. O-O O-O 14. Bh6 Bg7 15.
Bxg7 Kxg7 16. Qe3 e6 17. d4 c4 18. Ne4 f5 19. Ng5 Qf6 20. c3 h6 21. Nf3 Bd7 22.
Nd2 Rbe8 23. a4 a6 24. axb5 axb5 25. Ra7 Re7 26. Ne4 Qf7 27. Nxd6 Qf6 28. Ne4
Qf7 29. Nc5 Rc8 30. Qe5+ Kh7 31. Nxd7 Rxd7 32. Rxd7 Qxd7 33. d5 exd5 34. Qxd5
Qa7+ 35. Kh1 Rc5 36. Qb7+ Qxb7 37. Bxb7 Re5 38. Rf2 Kg7 39. Rd2 Re7 40. Bf3 Re6
41. Rd5 Rb6 42. Rc5 Kf6 43. Rc6+ Rxc6 44. Bxc6 Ke5 45. Bxb5 Kd5 46. Kg2 g5 47.
Kf3 h5 48. h4 1-0

[Event "4NCL/Div4a/HKF3 vs. SXM"]
[Site "Telford ENG"]
[Date "2005.04.16"]
[Round "7.3"]
[White "Dale, Robert"]
[Black "Fraser, Joe"]
[Result "0-1"]
[WhiteElo "1895"]
[BlackElo "1945"]
[PlyCount "46"]
[EventDate "2005.04.16"]
[SourceDate "2004.09.21"]

1. e4 c5 2. Nc3 Nc6 3. f4 g6 4. Nf3 Bg7 5. d3 d6 6. Be3 Nd4 7. Be2 b5 8. Qd2 b4
9. Nd1 Rb8 10. Bxd4 cxd4 11. O-O Qb6 12. Nf2 Nf6 13. h3 Nh5 14. g4 Ng3 15. Rfe1
Nxe2+ 16. Qxe2 Bb7 17. Nd2 O-O 18. h4 f5 19. gxf5 gxf5 20. Nh3 Rbc8 21. Nc4
Rxc4 22. dxc4 d3+ 23. Qf2 Bd4 0-1

[Event "4NCL/Div4a/HKF3 vs. SXM"]
[Site "Telford ENG"]
[Date "2005.04.16"]
[Round "7.4"]
[White "Tucker, Andrew"]
[Black "Dines, Sheila"]
[Result "0-1"]
[WhiteElo "1944"]
[BlackElo "1760"]
[PlyCount "76"]
[EventDate "2005.04.16"]
[SourceDate "2004.09.21"]

1. e4 e5 2. Nc3 Nf6 3. g3 Nc6 4. Bg2 Bc5 5. Nge2 d6 6. Na4 Bb6 7. O-O Nd7 8. d3
h6 9. h3 O-O 10. g4 Qh4 11. Nxb6 Nxb6 12. Ng3 Be6 13. Nf5 Bxf5 14. gxf5 g6 15.
f6 Nd7 16. f4 Nxf6 17. fxe5 dxe5 18. Bxh6 Qxh6 19. Rxf6 Kg7 20. Rf2 Qg5 21. Kh2
Nd4 22. c3 Ne6 23. Qf1 Rad8 24. Rd1 Nf4 25. d4 Nxg2 26. Rxg2 Qe7 27. Qd3 exd4
28. cxd4 Rfe8 29. Rg4 c5 30. d5 Qe5+ 31. Kh1 Qxb2 32. Rb1 Qf6 33. Rxb7 Rb8 34.
Rxa7 Rb2 35. Qe3 Rxe4 36. Qd3 Re1+ 37. Rg1 Rxg1+ 38. Kxg1 Qf2+ 0-1

[Event "4NCL/Div4a/HKF3 vs. SXM"]
[Site "Telford ENG"]
[Date "2005.04.16"]
[Round "7.5"]
[White "Foord, Dominic"]
[Black "Richardson, Joe"]
[Result "0-1"]
[WhiteElo "1805"]
[BlackElo "2001"]
[PlyCount "32"]
[EventDate "2005.04.16"]
[SourceDate "2004.09.21"]

1. f4 Nc6 2. Nf3 d6 3. e4 e5 4. Bc4 Bg4 5. Bxf7+ Kxf7 6. fxe5 dxe5 7. O-O Nf6
8. h3 Bxf3 9. Qxf3 Bc5+ 10. Kh1 Re8 11. Qb3+ Kf8 12. g4 Qd4 13. d3 Qd7 14. Bg5
Nd4 15. Qc4 Be7 16. Nc3 c6 0-1

[Event "4NCL/Div4a/HKF3 vs. SXM"]
[Site "Telford ENG"]
[Date "2005.04.16"]
[Round "7.6"]
[White "Fraser, A Scott"]
[Black "Parmar, Jyoti"]
[Result "1/2-1/2"]
[WhiteElo "1630"]
[BlackElo "1565"]
[PlyCount "60"]
[EventDate "2005.04.16"]
[SourceDate "2004.09.21"]

1. d4 d5 2. Bf4 Nf6 3. h3 Bf5 4. Nf3 e6 5. Nh4 Bg6 6. Nxg6 hxg6 7. e3 Bb4+ 8.
c3 Be7 9. Qb3 Qc8 10. Nd2 Nbd7 11. c4 c5 12. Nf3 Qc6 13. Ne5 Nxe5 14. Bxe5 Rd8
15. cxd5 Qxd5 16. Qa4+ Kf8 17. f3 Nh5 18. Bc4 Qd7 19. Bb5 Qc8 20. Qxa7 f6 21.
Bh2 cxd4 22. O-O dxe3 23. Rac1 Qa8 24. Qxa8 Rxa8 25. a4 f5 26. Rc7 Bh4 27. Rd1
Bf2+ 28. Kf1 Ng3+ 29. Bxg3 Bxg3 30. Rxb7 Rc8 1/2-1/2

[Event "4NCL/Div4a/RICB vs. HKF3"]
[Site "Telford ENG"]
[Date "2005.04.17"]
[Round "8.1"]
[White "O'Toole, George"]
[Black "Holmes, Bob"]
[Result "1-0"]
[WhiteElo "1896"]
[BlackElo "2010"]
[PlyCount "77"]
[EventDate "2005.04.17"]
[SourceDate "2004.09.21"]

1. e4 c5 2. c3 d5 3. exd5 Qxd5 4. d4 Nf6 5. Nf3 Nc6 6. Be3 Bg4 7. dxc5 Qxd1+ 8.
Kxd1 Nd5 9. h3 Nxe3+ 10. fxe3 Bf5 11. Nbd2 O-O-O 12. Bb5 Nb8 13. Ne5 Be6 14.
Ke2 Rd5 15. Nd3 Rg5 16. g4 h5 17. Ne4 Rd5 18. Nf4 Re5 19. Nxe6 fxe6 20. Bd3 Nd7
21. b4 Nf6 22. Kf3 Nxe4 23. Bxe4 Rh6 24. Bc2 Rf6+ 25. Ke2 g6 26. gxh5 gxh5 27.
Rhg1 Bh6 28. e4 Kc7 29. Rad1 Rg5 30. Rxg5 Bxg5 31. Ba4 Bh4 32. Rf1 Rg6 33. Bb3
Bf6 34. Rf3 Be5 35. Rf7 Bxc3 36. Rxe7+ Kb8 37. Bxe6 a5 38. b5 Ka7 39. b6+ 1-0

[Event "4NCL/Div4a/RICB vs. HKF3"]
[Site "Telford ENG"]
[Date "2005.04.17"]
[Round "8.2"]
[White "Dines, Sheila"]
[Black "Zhou, Yang-Fan"]
[Result "1/2-1/2"]
[WhiteElo "1760"]
[BlackElo "1880"]
[PlyCount "63"]
[EventDate "2005.04.17"]
[SourceDate "2004.09.21"]

1. e4 c5 2. Nf3 d6 3. d4 cxd4 4. Nxd4 Nf6 5. Nc3 g6 6. Bb5+ Bd7 7. Bxd7+ Qxd7
8. f3 Bg7 9. Be3 O-O 10. Qd2 Nc6 11. O-O Rac8 12. Rad1 b6 13. Nxc6 Qxc6 14. Bh6
Qc5+ 15. Kh1 Qh5 16. Bxg7 Kxg7 17. Rfe1 Rc7 18. Qf4 Rc5 19. Rd2 g5 20. Qg3 Qg6
21. Nd5 Nxd5 22. Rxd5 Rxd5 23. exd5 Qf6 24. h4 h6 25. f4 Qxf4 26. Qxf4 gxf4 27.
Rxe7 Rc8 28. c3 Rc5 29. Rxa7 b5 30. Ra5 Rxd5 31. Kh2 f3 32. gxf3 1/2-1/2

[Event "4NCL/Div4a/RICB vs. HKF3"]
[Site "Telford ENG"]
[Date "2005.04.17"]
[Round "8.3"]
[White "Kenyon, Scott"]
[Black "Foord, Dominic"]
[Result "1-0"]
[WhiteElo "1875"]
[BlackElo "1805"]
[PlyCount "83"]
[EventDate "2005.04.17"]
[SourceDate "2004.09.21"]

1. e4 c5 2. a3 e5 3. b4 Nf6 4. d3 Nc6 5. c3 a6 6. Be3 c4 7. f3 d5 8. dxc4 dxe4
9. Nd2 exf3 10. Ngxf3 Bd6 11. c5 Bb8 12. Nc4 Nd5 13. Qd2 Be6 14. Ng5 Nxe3 15.
Qxd8+ Nxd8 16. Nxe3 Bc7 17. Bc4 Bxc4 18. Nxc4 f6 19. Ne4 Nf7 20. O-O-O Ke7 21.
Ned6 Bxd6 22. cxd6+ Ke6 23. Nb6 Rad8 24. d7 e4 25. Rd4 f5 26. Rhd1 h5 27. Nc4
Ke7 28. Rd5 Ke6 29. Na5 Rb8 30. c4 Rhd8 31. c5 Ne5 32. Rd6+ Ke7 33. Rb6 Nd3+
34. Rxd3 exd3 35. c6 Kd6 36. Rxb7 Rxb7 37. Nxb7+ Kxc6 38. Nxd8+ Kxd7 39. Nf7
Ke6 40. Ng5+ Kd5 41. Kd2 Kc4 42. Ne6 1-0

[Event "4NCL/Div4a/RICB vs. HKF3"]
[Site "Telford ENG"]
[Date "2005.04.17"]
[Round "8.4"]
[White "Parmar, Jyoti"]
[Black "Gaudeau, Valentin"]
[Result "0-1"]
[WhiteElo "1565"]
[BlackElo "1745"]
[PlyCount "46"]
[EventDate "2005.04.17"]
[SourceDate "2004.09.21"]

1. e4 c5 2. Nf3 d6 3. d4 cxd4 4. Nxd4 Nf6 5. Nc3 g6 6. Be3 Bg7 7. f3 Nc6 8. Bc4
Bd7 9. Qd2 Rc8 10. Bb3 O-O 11. O-O-O Re8 12. h4 h5 13. Rdg1 Na5 14. Ba4 Kh7 15.
Bxd7 Qxd7 16. Nd5 Nxd5 17. exd5 Nc4 18. Qd3 Nxe3 19. Qxe3 Rc4 20. Ne2 Qf5 21.
c3 Bh6 22. f4 Rxf4 23. Nxf4 Bxf4 0-1

[Event "4NCL/Div4a/RICB vs. HKF3"]
[Site "Telford ENG"]
[Date "2005.04.17"]
[Round "8.5"]
[White "Sirisena, Anuk"]
[Black "Fowler, Keith"]
[Result "1-0"]
[WhiteElo "1820"]
[BlackElo "1625"]
[PlyCount "43"]
[EventDate "2005.04.17"]
[SourceDate "2004.09.21"]

1. e4 d6 2. d4 Nf6 3. Nc3 g6 4. Be3 Bg7 5. f3 O-O 6. Qd2 e5 7. Nge2 Nc6 8.
O-O-O exd4 9. Nxd4 Nxd4 10. Bxd4 c6 11. Be3 Be6 12. h4 d5 13. Qf2 Qc7 14. h5
dxe4 15. Nxe4 Nxe4 16. fxe4 Qe5 17. Bd4 Qxe4 18. Bxg7 Kxg7 19. h6+ Kg8 20. Qf6
Qe3+ 21. Kb1 Bxa2+ 22. Ka1 1-0

[Event "4NCL/Div4a/SXM vs. GUI4"]
[Site "Telford ENG"]
[Date "2005.04.17"]
[Round "8.1"]
[White "Prescott, Adam"]
[Black "Stimpson, Philip M"]
[Result "1-0"]
[WhiteElo "1935"]
[BlackElo "2125"]
[PlyCount "133"]
[EventDate "2005.04.17"]
[SourceDate "2004.09.21"]

1. e4 d5 2. exd5 Nf6 3. Bb5+ Nbd7 4. Nf3 a6 5. Ba4 b5 6. Bb3 Nb6 7. h3 Nbxd5 8.
a4 Bb7 9. d4 e6 10. O-O Be7 11. c3 O-O 12. Be3 c5 13. Nbd2 Ne4 14. Nxe4 Nxe3
15. fxe3 Bxe4 16. Qe2 c4 17. Bc2 Qd5 18. Bxe4 Qxe4 19. axb5 axb5 20. Rxa8 Rxa8
21. Ne5 Bg5 22. Re1 f6 23. Qf3 Qxf3 24. Nxf3 Bh6 25. Kf2 Ra2 26. Rb1 Kf7 27.
Nd2 g6 28. Ne4 Ke7 29. Kf3 f5 30. Nc5 Bg7 31. g4 fxg4+ 32. hxg4 Ra8 33. b3 cxb3
34. Rxb3 Rb8 35. c4 e5 36. d5 Rf8+ 37. Kg3 bxc4 38. Rb7+ Kd6 39. Ne4+ Kxd5 40.
Nc3+ Kc5 41. Rxg7 Kb4 42. Nd5+ Kb3 43. Rxh7 c3 44. Nxc3 Kxc3 45. Re7 Kd3 46.
Rxe5 Rf6 47. Kh4 Rf1 48. Kg5 Rg1 49. Re8 Rg2 50. e4 Kd4 51. e5 Kd5 52. e6 Kd6
53. Kf6 Rf2+ 54. Kxg6 Re2 55. g5 Re1 56. Kg7 Re2 57. g6 Re1 58. Rf8 Ke7 59.
Rf7+ Kxe6 60. Ra7 Rg1 61. Kh7 Rh1+ 62. Kg8 Rg1 63. g7 Rf1 64. Ra6+ Ke7 65. Rh6
Rg1 66. Kh8 Kf7 67. Rh7 1-0

[Event "4NCL/Div4a/SXM vs. GUI4"]
[Site "Telford ENG"]
[Date "2005.04.17"]
[Round "8.2"]
[White "Shepley, Julien M"]
[Black "Fraser, Joe"]
[Result "1/2-1/2"]
[WhiteElo "2114"]
[BlackElo "1945"]
[PlyCount "104"]
[EventDate "2005.04.17"]
[SourceDate "2004.09.21"]

1. d3 d6 2. Nd2 e5 3. e4 Nc6 4. Ngf3 g6 5. c3 Bg7 6. Be2 f5 7. exf5 gxf5 8. Qb3
Nf6 9. Nc4 Qe7 10. Ne3 Rb8 11. Nh4 f4 12. Nef5 Qf7 13. Qxf7+ Kxf7 14. Nxg7 Kxg7
15. g3 fxg3 16. hxg3 d5 17. Bd2 Bd7 18. O-O-O Rbe8 19. g4 h6 20. g5 hxg5 21.
Rdg1 Kf7 22. Bxg5 Reg8 23. Bxf6 Rxg1+ 24. Rxg1 Kxf6 25. Nf3 Bf5 26. Kd2 Rh6 27.
Rg8 Be6 28. Rg1 Bf5 29. Ne1 Rh2 30. Rg2 Rh6 31. Nc2 d4 32. Bf3 Rh4 33. Bxc6
bxc6 34. cxd4 exd4 35. Nb4 Rh3 36. Rg3 Rxg3 37. fxg3 Bd7 38. Na6 Bc8 39. Nc5
Ke5 40. b4 Kf5 41. Ke2 Kg4 42. Kf2 Bf5 43. a4 Bg6 44. a5 Kf5 45. Ke2 Ke5 46.
Kf3 Kf5 47. g4+ Ke5 48. Kg3 Bh7 49. Kf3 Bg6 50. Nd7+ Kd6 51. Nc5 Ke5 52. Nd7+
Kd6 1/2-1/2

[Event "4NCL/Div4a/SXM vs. GUI4"]
[Site "Telford ENG"]
[Date "2005.04.17"]
[Round "8.3"]
[White "Bucher, Grant"]
[Black "Hill, David F"]
[Result "0-1"]
[WhiteElo "1935"]
[BlackElo "2071"]
[PlyCount "56"]
[EventDate "2005.04.17"]
[SourceDate "2004.09.21"]

1. e4 c5 2. Nf3 e6 3. d4 cxd4 4. Nxd4 Nc6 5. Be3 Nf6 6. Bd3 d5 7. Nd2 Be7 8.
O-O e5 9. N4b3 O-O 10. f3 Be6 11. Bf2 Nb4 12. Bg3 Nc6 13. Qe2 Nh5 14. exd5 Nxg3
15. hxg3 Bxd5 16. c3 a5 17. Bc4 a4 18. Nc1 Bc5+ 19. Rf2 Bxc4 20. Nxc4 Bxf2+ 21.
Kxf2 e4 22. Qxe4 Re8 23. Qc2 b5 24. Na3 Qb6+ 25. Kf1 b4 26. Nb1 Rad8 27. Ne2
Qe3 28. f4 Rd6 0-1

[Event "4NCL/Div4a/SXM vs. GUI4"]
[Site "Telford ENG"]
[Date "2005.04.17"]
[Round "8.4"]
[White "Andersson, Frans"]
[Black "Richardson, Joe"]
[Result "1-0"]
[WhiteElo "2103"]
[BlackElo "2001"]
[PlyCount "49"]
[EventDate "2005.04.17"]
[SourceDate "2004.09.21"]

1. d4 d5 2. Nf3 Nf6 3. c4 e6 4. g3 b6 5. Bg2 Nbd7 6. O-O Be7 7. Nc3 Bb7 8. Ne5
c5 9. cxd5 exd5 10. Bg5 O-O 11. Nxd7 Qxd7 12. dxc5 bxc5 13. Bxf6 Bxf6 14. Bxd5
Bxc3 15. Bxb7 Qxb7 16. bxc3 Qb2 17. Qd3 Rfd8 18. Qc4 Rd2 19. Rfb1 Qc2 20. Rb7
Rf8 21. Qxc5 a6 22. Rb6 Rfd8 23. Qe5 Rxe2 24. Rb8 Red2 25. Qe8+ 1-0

[Event "4NCL/Div4a/SXM vs. GUI4"]
[Site "Telford ENG"]
[Date "2005.04.17"]
[Round "8.5"]
[White "Tucker, Andrew"]
[Black "Bryant, Richard"]
[Result "0-1"]
[WhiteElo "1944"]
[BlackElo "1933"]
[PlyCount "88"]
[EventDate "2005.04.17"]
[SourceDate "2004.09.21"]

1. e4 c5 2. Nc3 e6 3. Nf3 Nc6 4. d4 cxd4 5. Nxd4 Qb6 6. Nb3 Nf6 7. Be3 Qc7 8.
f4 Bb4 9. Bd3 d5 10. e5 Nd7 11. O-O a6 12. Qg4 g6 13. Qh4 Be7 14. Qf2 b5 15. a4
b4 16. Ne2 Bb7 17. Nc5 Nxc5 18. Bxc5 Bxc5 19. Qxc5 Qa5 20. Qxa5 Nxa5 21. Nd4
Rc8 22. b3 Ke7 23. g4 h5 24. g5 Rc5 25. Kf2 Rhc8 26. Ke3 R8c7 27. Rac1 Nc6 28.
Nxc6+ R7xc6 29. Rfe1 a5 30. Rf1 Rc3 31. Kd2 Ba6 32. Bxa6 Rxa6 33. Rf2 Rac6 34.
Rff1 Rh3 35. Rf2 Rcc3 36. Ke2 Rce3+ 37. Kd2 Rc3 38. Ke2 Kd7 39. Kd2 Kc6 40. Rg1
d4 41. Ke1 Kd5 42. Kd1 Ke4 43. Re1+ Rce3 44. Rxe3+ dxe3 0-1

[Event "4NCL/Div4a/SXM vs. GUI4"]
[Site "Telford ENG"]
[Date "2005.04.17"]
[Round "8.6"]
[White "Chai, Wei Koong"]
[Black "Fraser, A Scott"]
[Result "1-0"]
[WhiteElo "1835"]
[BlackElo "1630"]
[PlyCount "63"]
[EventDate "2005.04.17"]
[SourceDate "2004.09.21"]

1. e4 e5 2. Nf3 Nc6 3. Bb5 d6 4. d4 exd4 5. Nxd4 Bd7 6. O-O Nxd4 7. Bxd7+ Qxd7
8. Qxd4 Nf6 9. c4 Be7 10. Nc3 O-O 11. b3 c6 12. Bb2 Qg4 13. Rad1 Rfd8 14. Rd3
Ne8 15. Rg3 Bf6 16. Qe3 Qh5 17. h3 b5 18. cxb5 cxb5 19. Nd1 Bxb2 20. Nxb2 Qe5
21. Nd3 Qf6 22. Nf4 Rdc8 23. Nd5 Qe5 24. f4 Qe6 25. f5 Qe5 26. f6 Rc2 27. Rf5
Qa1+ 28. Rf1 Qe5 29. fxg7 Nxg7 30. Nf6+ Kh8 31. Qh6 Qd4+ 32. Kh1 1-0

[Event "4NCL/Div4a/AD3 vs. GLOSG"]
[Site "Telford ENG"]
[Date "2005.04.17"]
[Round "8.1"]
[White "Graham, Louis"]
[Black "Hosken, Nigel"]
[Result "0-1"]
[WhiteElo "1920"]
[BlackElo "2205"]
[PlyCount "74"]
[EventDate "2005.04.17"]
[SourceDate "2004.09.21"]

1. d4 d5 2. Nf3 Nf6 3. Bf4 g6 4. e3 Bg7 5. c4 O-O 6. Nc3 c5 7. Be2 dxc4 8. Bxc4
Nc6 9. d5 Na5 10. Be2 Bg4 11. O-O Nd7 12. Qd2 Bxf3 13. Bxf3 Nc4 14. Qc2 Nde5
15. Be2 Nd6 16. e4 Qd7 17. Bxe5 Bxe5 18. f4 Bd4+ 19. Kh1 a6 20. Rad1 b5 21. a3
Rab8 22. Bf3 Nc4 23. Rfe1 Ne3 24. Rxe3 Bxe3 25. Ne2 c4 26. Qc3 Qa7 27. e5 a5
28. Bg4 Qc5 29. f5 Rfd8 30. fxg6 hxg6 31. e6 f5 32. Bf3 b4 33. axb4 axb4 34.
Qc2 Kg7 35. Ng3 Bf4 36. Ne2 Bxh2 37. Kxh2 Qf2 0-1

[Event "4NCL/Div4a/AD3 vs. GLOSG"]
[Site "Telford ENG"]
[Date "2005.04.17"]
[Round "8.2"]
[White "White, Michael J R"]
[Black "Pohribnyj, Chris"]
[Result "1/2-1/2"]
[WhiteElo "2178"]
[BlackElo "1972"]
[PlyCount "124"]
[EventDate "2005.04.17"]
[SourceDate "2004.09.21"]

1. e4 c5 2. Nf3 d6 3. d4 cxd4 4. Nxd4 Nf6 5. Nc3 a6 6. f4 e6 7. Qf3 Be7 8. g4
e5 9. Nf5 Bxf5 10. gxf5 Nc6 11. Bd3 Qc7 12. Be3 exf4 13. Bxf4 Ne5 14. Qg2 Nxd3+
15. cxd3 g6 16. O-O-O O-O 17. Kb1 Rac8 18. h4 Kh8 19. Rhe1 gxf5 20. e5 Rg8 21.
Qf3 Ne8 22. Qd5 Bf8 23. exd6 Bxd6 24. Bxd6 Nxd6 25. Qd4+ Rg7 26. Rg1 Rcg8 27.
Nd5 Nb5 28. Qf6 Qd6 29. Rxg7 Rxg7 30. Qxf5 Qe6 31. Qxe6 fxe6 32. Nf4 Re7 33. d4
Nc7 34. Re1 Rd7 35. Nxe6 Nxe6 36. Rxe6 Rxd4 37. h5 Rd7 38. Kc2 Kg8 39. a4 Kf7
40. Rh6 Kg7 41. Rb6 Kf7 42. Kc3 Rc7+ 43. Kd4 Ke7 44. b4 Kd7 45. Rf6 Ke7 46. Rh6
Kd8 47. Kd5 Ke8 48. b5 axb5 49. axb5 Kd8 50. Rf6 Ke7 51. Re6+ Kd7 52. Rd6+ Ke7
53. b6 Rd7 54. Rxd7+ Kxd7 55. h6 Ke7 56. Ke5 Kd7 57. Kf6 Kd6 58. Kf7 Kd7 59.
Kg7 Ke7 60. Kxh7 Kf7 61. Kh8 Kf8 62. h7 Kf7 1/2-1/2

[Event "4NCL/Div4a/AD3 vs. GLOSG"]
[Site "Telford ENG"]
[Date "2005.04.17"]
[Round "8.3"]
[White "Wilcox, Steven R"]
[Black "Taylor, Geoffrey P"]
[Result "1-0"]
[WhiteElo "1920"]
[BlackElo "2135"]
[PlyCount "73"]
[EventDate "2005.04.17"]
[SourceDate "2004.09.21"]

1. e4 c5 2. d4 cxd4 3. c3 d3 4. Bxd3 Nc6 5. f4 d6 6. Nf3 g6 7. Be3 Bg7 8. O-O
Nf6 9. Nbd2 Ng4 10. Qe2 Nxe3 11. Qxe3 O-O 12. Rad1 Qa5 13. a3 Bd7 14. Nc4 Qc7
15. h3 b5 16. Ncd2 a6 17. Nb3 Rac8 18. Bb1 Be6 19. Nbd4 Bc4 20. Rfe1 Na5 21. e5
dxe5 22. Nxe5 e6 23. Bc2 Bd5 24. f5 Bxe5 25. Qxe5 Qxe5 26. Rxe5 gxf5 27. Nxf5
Nc4 28. Ne7+ Kh8 29. Rh5 f5 30. Nxc8 Rxc8 31. Bxf5 Ne3 32. Rxd5 Nxf5 33. Rd7
Ng7 34. Rg5 Nf5 35. g3 h6 36. Rh5 Rg8 37. Kh2 1-0

[Event "4NCL/Div4a/AD3 vs. GLOSG"]
[Site "Telford ENG"]
[Date "2005.04.17"]
[Round "8.4"]
[White "Dodwell, Phil"]
[Black "Rea, William"]
[Result "1-0"]
[WhiteElo "2100"]
[BlackElo "1920"]
[PlyCount "51"]
[EventDate "2005.04.17"]
[SourceDate "2004.09.21"]

1. e4 e5 2. f4 d6 3. Bc4 Nc6 4. d3 Nf6 5. Nf3 h6 6. f5 Bd7 7. Nc3 Na5 8. Qe2
Nxc4 9. dxc4 c6 10. Be3 Qc7 11. O-O Be7 12. Rad1 b6 13. Kh1 Ng4 14. Bg1 h5 15.
a4 a5 16. Rd3 Nh6 17. Rfd1 O-O-O 18. Nd5 cxd5 19. cxd5 Qb7 20. Rb3 b5 21. axb5
Kb8 22. Ra1 Rc8 23. Rxa5 Bd8 24. b6 Rc5 25. Ra7 Ra5 26. Rxa5 1-0

[Event "4NCL/Div4a/AD3 vs. GLOSG"]
[Site "Telford ENG"]
[Date "2005.04.17"]
[Round "8.5"]
[White "Somerfield, Adrian"]
[Black "White, Ian R"]
[Result "0-1"]
[WhiteElo "1825"]
[BlackElo "2070"]
[PlyCount "100"]
[EventDate "2005.04.17"]
[SourceDate "2004.09.21"]

1. e4 e6 2. d4 d5 3. Nc3 Bb4 4. a3 Bxc3+ 5. bxc3 dxe4 6. Qg4 Nf6 7. Qxg7 Rg8 8.
Qh6 c5 9. Ne2 Nc6 10. Qd2 b6 11. g3 Qd5 12. Rg1 cxd4 13. cxd4 Bb7 14. Bb2 Rd8
15. Rd1 Ng4 16. h3 Nh2 17. Bg2 Nf3+ 18. Bxf3 exf3 19. Nf4 Qe4+ 20. Qe3 Qxc2 21.
Bc3 Ne7 22. Bb4 Nf5 23. Qe5 Qc4 24. d5 Bxd5 25. Nxd5 Rxd5 26. Qb8+ Kd7 27. Qb7+
Kd8 28. Rxd5+ exd5 29. Qa8+ Kd7 30. Qxa7+ Ke6 31. Qxb6+ Ke5 32. Kd1 Qe2+ 33.
Kc1 Rc8+ 34. Kb1 Qd3+ 35. Ka1 Qd4+ 36. Qxd4+ Nxd4 37. Re1+ Ne2 38. Kb2 Rc4 39.
Rd1 Rd4 40. Rd2 Rxd2+ 41. Bxd2 Nxg3 42. Kc3 Ne4+ 43. Kd3 Nxf2+ 44. Ke3 Ne4 45.
Be1 f2 46. Bxf2 Nxf2 47. Kxf2 Kd4 48. a4 Kc4 49. a5 Kb5 50. Ke3 f5 0-1